000 00538nam a22001577a 4500
003 NUST
038 _aNusrat Nadeem
082 _a200
100 _aAhmad, Nabila
_935263
245 _aOptimization, Control and Management in Microgrids using Metaheuristic Algorithms /
_cNabila Ahmad,
264 _aIslamabad;
_bUSPCASE NUST
_c2025.
650 _aPhD-Energy Systems Engineering
_9123158
700 _aSupervisor: Dr. Hassan Abdullah Khalid
_9117474
856 _uhttp://10.250.8.41:8080/xmlui/handle/123456789/56895
942 _2ddc
_cSC
999 _c616361
_d616361